000 00309nam a2200109Ia 4500
008 220120s9999||||xx |||||||||||||| ||und||
100 _aHegde, R.K and Murthy, Niranjana
245 0 _aElements of mechanical engineering
260 _aSapna book house
_bNew Delhi
_c2006
300 _a216p.
_b115
650 _aCIVIL
999 _c136213
_d136213